000
00314nam a2200145Ia 4500
100
_a
Drucker/ Peter F.
942
_c
BK
654
_a
Management
245
_a
Management Tasks Responsibilities
260
_b
Allied Publishers
_c
1974
082
_a
658
_b
DRU
300
_a
839
546
_a
ENGLISH
999
_c
22619
_d
22619